01213nam a2200313 a 45000010008000000030004000080050017000120080041000290100017000700200032000870400018001190430012001370500022001490820029001712450028002002600031002283000020002594400060002795040028003396500056003676500047004237100072004709060045005429420012005879990015005999520095006149520095007099520095008041411376OSt20230629140932.0830401s1982 enk b f000 0 eng  a 83133254  a0117010340 (pbk.) :c£3.15 aDLCcDLCdDLC ae-uk---00aKD7876b.J87 198200a347.41a344.107219bFCO00aJustice and the law c  aLondon :bH.M.S.O.,c1982. a31 p. ;c21 cm. 0aCentral Office of Information reference pamphlet ;v173 aBibliography: p. 29-31. 0aCriminal justice, Administration ofzGreat Britain. 0aJustice, Administration ofzGreat Britain.1 aGreat Britain.bCentral Office of Information.bReference Services. a7bcbccorignewd3encipf19gy-gencatlg 2ddccBK c3100d3100 00102ddc4070a002b002d2023-06-29l0o347.41 FCOp10010665r2023-06-29w2023-06-29yBK 00102ddc4070a002b002d2023-06-29l0o347.41 FCOp10010667r2023-06-29w2023-06-29yBK 00102ddc4070a002b002d2023-06-29l0o347.41 FCOp10010666r2023-06-29w2023-06-29yBK